| 000 | 00390nam a22001577a 4500 | ||
|---|---|---|---|
| 999 |
_c67141 _d67138 |
||
| 020 | _a8131803724 | ||
| 020 | _a978-8131803721 | ||
| 082 | _a302.2GUP | ||
| 100 | _aGupta, Sadhana | ||
| 245 | _aCommunication Skills and Functional Grammar | ||
| 260 |
_aDelhi: _bGoswami Printers, _c2008. |
||
| 300 | _a279p. ; | ||
| 650 | _aEnglish Grammar | ||
| 650 | _aFunctional English | ||
| 942 | _cBK | ||